00651 2200169 4500245004200000020002200042250001100064100001700075700001800092650001700110005001900127260003300146041001400179084001100193300002500204500025200229 aPernikahan WasiatcYadika PutrihText a978-602-51646-9-9 aCet. 1 aYadika Putri aWulan Mardina aNovel Remaja a20241213111009 aJakartabRdm Publisherc2019 aIndonesia a808.83 a316 hlm. :c22,5 cm. aSemula kehidupan Emilia ini baik-baik saja, sampai musibah itu menimpa keluarganya. Musibah yang pada akhirnya mempertemukan Emilia pada sebuah pernikahan wasiat bersama Azhar. Laki-laki yang menganggap dirinya sebagai penghancur masa depan Azhar.